[Event "Team men HL chess 2017"]
[Site "Sochi"]
[Date "2017.05.04"]
[Round "4.3"]
[White "Tekeyev, Zaur"]
[Black "Ponkratov, Pavel"]
[Result "0-1"]
[WhiteElo "2383"]
[BlackElo "2590"]
[PlyCount "122"]
[EventDate "2017.05.01"]

1. e4 e5 2. Nf3 Nc6 3. Nc3 Nf6 4. d4 exd4 5. Nxd4 Bb4 6. Nxc6 bxc6 7. Bd3 d5 8.
exd5 Qe7+ 9. Qe2 Qxe2+ 10. Kxe2 cxd5 11. Nb5 Kd8 12. Rd1 Bg4+ 13. f3 Bd7 14.
Bf4 c6 15. c3 Ba5 16. Nd6 Ke7 17. Nb7 Bb6 18. Bd6+ Ke8 19. Kd2 Be6 20. a4 Kd7
21. Re1 a5 22. Be5 Rhb8 23. Bxb8 Rxb8 24. Nxa5 Bxa5 25. b4 Bc7 26. g3 Ne8 27.
a5 Nd6 28. Kc2 g6 29. Re2 Bd8 30. Ree1 Bf6 31. Reb1 Kc7 32. a6 Bd7 33. Re1 Ra8
34. Ra5 Ra7 35. Kb3 Be6 36. Kc2 Kb6 37. h4 Nb5 38. Bxb5 cxb5 39. Rea1 h5 40.
R5a3 Be5 41. f4 Bf6 42. Ra5 Bc8 43. Rd1 Bf5+ 44. Kc1 Be6 45. Kc2 Rxa6 46. Rxa6+
Kxa6 47. Kb2 Kb6 48. Kc2 Kc6 49. Kb2 Bd8 50. Rd2 Bb6 51. Kc2 Be3 52. Rh2 Bf5+
53. Kb3 d4 54. cxd4 Bxd4 55. Re2 Kd5 56. Ka3 Kc4 57. Re7 Be6 58. Rc7+ Kd3 59.
Rb7 Bc4 60. Rd7 Kc3 61. Re7 Kc2 0-1

[Event "Team men HL chess 2017"]
[Site "Sochi"]
[Date "2017.05.04"]
[Round "4.3"]
[White "Gutenev, Alexander"]
[Black "Nechaev, Oleg"]
[Result "1-0"]
[WhiteElo "2448"]
[BlackElo "2386"]
[PlyCount "69"]
[EventDate "2017.05.01"]

1. e4 c5 2. Nf3 Nc6 3. d4 cxd4 4. Nxd4 Qb6 5. Nb3 Nf6 6. Nc3 e6 7. Qe2 Qc7 8.
g4 d6 9. g5 Nd7 10. f4 a6 11. Bd2 b5 12. O-O-O Rb8 13. Kb1 Be7 14. Bg2 b4 15.
Nd5 exd5 16. exd5 Nce5 17. fxe5 Nxe5 18. Qe4 O-O 19. Nd4 Re8 20. h4 Bg4 21.
Rde1 Bf8 22. Qf4 a5 23. h5 a4 24. Nc6 Nxc6 25. dxc6 Rxe1+ 26. Bxe1 Be6 27. Bxb4
Qb6 28. a3 d5 29. Bc3 Bxa3 30. Qe5 Bf8 31. h6 Rd8 32. hxg7 Bb4 33. g6 h6 34.
Bxb4 Qxb4 35. Rxh6 1-0

[Event "Team men HL chess 2017"]
[Site "Sochi"]
[Date "2017.05.04"]
[Round "4.3"]
[White "Rozhko, Dmitry"]
[Black "Matsenko, Andrei"]
[Result "1/2-1/2"]
[WhiteElo "2351"]
[BlackElo "2314"]
[PlyCount "78"]
[EventDate "2017.05.01"]

1. d4 Nf6 2. Nf3 d5 3. c4 c6 4. cxd5 cxd5 5. Nc3 Nc6 6. Bf4 Bf5 7. e3 e6 8. Qb3
Bb4 9. Be2 O-O 10. O-O Qe7 11. Rfc1 Rfc8 12. Nd2 Ne8 13. Qd1 Bd6 14. Bxd6 Nxd6
15. Nb3 Rc7 16. Nb5 Nxb5 17. Bxb5 Rac8 18. Bxc6 Rxc6 19. Rxc6 Rxc6 20. Rc1 Qc7
21. Rxc6 Qxc6 22. Qc1 Qxc1+ 23. Nxc1 b6 24. Kf1 Kf8 25. Ke2 Ke7 26. Nd3 Bxd3+
27. Kxd3 f5 28. f4 h5 29. h4 g6 30. g3 b5 31. b4 a6 32. a3 Kd6 33. Kc3 Kc6 34.
Kd3 Kd6 35. Kc3 Kc6 36. Kd3 Kd6 37. Kc3 Kc6 38. Kd3 Kd6 39. Kc3 Kc6 1/2-1/2

[Event "Team men HL chess 2017"]
[Site "Sochi"]
[Date "2017.05.04"]
[Round "4.3"]
[White "Mokin, Nikolai"]
[Black "Kozak, Alexander"]
[Result "0-1"]
[WhiteElo "2277"]
[BlackElo "2334"]
[PlyCount "112"]
[EventDate "2017.05.01"]

1. d4 g6 2. c4 Bg7 3. Nf3 c5 4. d5 d6 5. e4 Nf6 6. Nc3 O-O 7. Be2 e6 8. O-O
exd5 9. cxd5 Re8 10. Nd2 Na6 11. h3 Nc7 12. Re1 Rb8 13. a4 a6 14. a5 Bd7 15.
Bd3 Nb5 16. Nc4 Nh5 17. Nxb5 Bxb5 18. Bd2 Bxc4 19. Bxc4 Bxb2 20. Rb1 Bd4 21.
Qf3 Qc7 22. Bc3 Bxc3 23. Qxc3 Re5 24. Rb6 Nf6 25. f3 Nd7 26. Rb3 Ree8 27. Reb1
Ne5 28. Rb6 Nd7 29. R6b3 h5 30. Kh2 h4 31. Bf1 Rec8 32. Qe1 c4 33. Rc1 b5 34.
axb6 Nxb6 35. Rbc3 Qe7 36. Bxc4 Qe5+ 37. Kh1 Nxc4 38. Rxc4 Rxc4 39. Rxc4 Rb2
40. Rc8+ Kg7 41. Rc1 g5 42. Ra1 Re2 43. Qf1 Qc3 44. Qxe2 Qxa1+ 45. Kh2 a5 46.
f4 Qc1 47. fxg5 a4 48. Qa6 Qf4+ 49. Kh1 Qxe4 50. Qf1 Qe5 51. Qa6 Qe1+ 52. Kh2
Qg3+ 53. Kh1 a3 54. Qa4 Qe1+ 55. Kh2 Qe5+ 56. Kh1 Qb2 0-1

[Event "Team men HL chess 2017"]
[Site "Sochi"]
[Date "2017.05.04"]
[Round "4.4"]
[White "Sychev, Klementy"]
[Black "Triapishko, Alexandr"]
[Result "1/2-1/2"]
[WhiteElo "2459"]
[BlackElo "2490"]
[PlyCount "91"]
[EventDate "2017.05.01"]

1. Nf3 Nf6 2. c4 g6 3. Nc3 Bg7 4. e4 d6 5. d4 O-O 6. Be2 e5 7. Be3 Ng4 8. Bg5
f6 9. Bh4 g5 10. Bg3 Nh6 11. dxe5 dxe5 12. Qc2 c6 13. Nd2 Qe7 14. O-O-O f5 15.
f3 Na6 16. Bf2 fxe4 17. Ncxe4 Nf5 18. Nb3 Nh4 19. Rhg1 b6 20. a3 Nc7 21. Kb1
Be6 22. Ka1 Rad8 23. Rxd8 Rxd8 24. g3 Nf5 25. Rd1 h6 26. Bd3 Qf7 27. g4 Nd4 28.
Nxd4 exd4 29. h4 b5 30. Nd2 bxc4 31. Nxc4 Nd5 32. hxg5 hxg5 33. Bh7+ Kf8 34.
Bxd4 Bxd4 35. Rxd4 Qxf3 36. Rd2 Qf6 37. Bf5 Bf7 38. Be4 Kg7 39. Bf5 Re8 40. Rd1
a5 41. Qd2 a4 42. Re1 Rxe1+ 43. Qxe1 Ne7 44. Bd3 Ng6 45. Ne3 Nh4 46. Nf5+
1/2-1/2

[Event "Team men HL chess 2017"]
[Site "Sochi"]
[Date "2017.05.04"]
[Round "4.4"]
[White "Iljin, Timofey"]
[Black "Zakhartsov, Vladimir"]
[Result "0-1"]
[WhiteElo "2317"]
[BlackElo "2442"]
[PlyCount "142"]
[EventDate "2017.05.01"]

1. d4 d6 2. Nf3 g6 3. c4 Bg7 4. e4 Bg4 5. Be2 Nc6 6. Nbd2 Nf6 7. d5 Nb8 8. O-O
O-O 9. Rb1 c6 10. b4 cxd5 11. cxd5 Nbd7 12. Bb2 Rc8 13. Bd3 Nh5 14. Bxg7 Kxg7
15. h3 Bxf3 16. Nxf3 Ne5 17. Nxe5 dxe5 18. Re1 Qb6 19. a4 Rc3 20. a5 Qd6 21. a6
bxa6 22. Bf1 Rfc8 23. Qa4 Qb6 24. Qxa6 Qd4 25. Red1 Qxe4 26. Qxa7 R8c7 27. Qa5
Nf4 28. b5 Rc2 29. Qe1 Re2 30. Qb4 Rc4 31. Qxc4 Qxc4 32. b6 Qc2 33. Bxe2 Qxe2
34. Kh2 Qxf2 35. Rg1 Nh5 36. b7 Qg3+ 37. Kh1 Nf6 38. Rgc1 Nd7 39. d6 exd6 40.
Rc7 Qd3 41. Ra1 Nb8 42. Rc8 Na6 43. Rc7 Nxc7 44. b8=Q Ne6 45. Qb2 Qe4 46. Qd2
Qd4 47. Qxd4 Nxd4 48. Ra6 Nf5 49. g4 Ng3+ 50. Kg2 Ne4 51. Kf3 f5 52. gxf5 gxf5
53. Ra7+ Kg6 54. h4 d5 55. Re7 Nd2+ 56. Ke2 Nc4 57. Rc7 f4 58. Kf3 h6 59. Rd7
Ne3 60. Re7 Kf6 61. Rh7 Nf5 62. Kg4 Kg6 63. Rd7 h5+ 64. Kh3 d4 65. Kg2 e4 66.
Kf2 d3 67. Rd5 Kf6 68. Ra5 e3+ 69. Kf3 Nd4+ 70. Ke4 e2 71. Ra1 d2 0-1

[Event "Team men HL chess 2017"]
[Site "Sochi"]
[Date "2017.05.04"]
[Round "4.4"]
[White "Gochelashvili, David"]
[Black "Kurbedinov, Ramis"]
[Result "1-0"]
[WhiteElo "2425"]
[BlackElo "2318"]
[PlyCount "69"]
[EventDate "2017.05.01"]

1. e4 c5 2. Nf3 Nc6 3. c3 d5 4. exd5 Qxd5 5. d4 Bg4 6. Be2 e6 7. h3 Bh5 8. c4
Qd6 9. d5 Bxf3 10. Bxf3 Nd4 11. O-O e5 12. Re1 Be7 13. b4 cxb4 14. Bb2 Nf6 15.
Bxd4 exd4 16. Qe2 d3 17. Qe3 Nd7 18. a3 b3 19. Nc3 d2 20. Re2 a6 21. Ne4 Qe5
22. Rd1 O-O 23. Qxb3 Rab8 24. Nxd2 Qd6 25. Ne4 Qxa3 26. Qb1 Ne5 27. d6 Nxf3+
28. Kh1 Bxd6 29. Rxd6 Rfe8 30. Rd3 Qa5 31. Rxf3 f5 32. Nc3 Rxe2 33. Nxe2 Re8
34. Rxf5 Qd2 35. Qxb7 1-0

[Event "Team men HL chess 2017"]
[Site "Sochi"]
[Date "2017.05.04"]
[Round "4.4"]
[White "Derjabin, Ilja"]
[Black "Dordzhieva, Dinara"]
[Result "1-0"]
[WhiteElo "2341"]
[BlackElo "2271"]
[PlyCount "95"]
[EventDate "2017.05.01"]

1. Nf3 Nf6 2. g3 d5 3. Bg2 e6 4. O-O c5 5. d3 Nc6 6. Nbd2 Be7 7. e4 Qc7 8. Re1
O-O 9. e5 Nd7 10. Qe2 b5 11. Nf1 a5 12. Bf4 Ba6 13. Ne3 Rfc8 14. Nxd5 exd5 15.
e6 Qd8 16. exd7 Qxd7 17. Ne5 Nxe5 18. Qxe5 Bf6 19. Qxd5 Qxd5 20. Bxd5 Ra7 21.
Be5 Bxe5 22. Rxe5 Kf8 23. Rae1 Rac7 24. Bf3 Bb7 25. Bxb7 Rxb7 26. Rd5 Re7 27.
Rxe7 Kxe7 28. f4 Ke6 29. Re5+ Kd6 30. Kf2 a4 31. Ke3 g6 32. Kd2 Rb8 33. Kc3 Rc8
34. Re4 h5 35. h4 Kd7 36. Re5 Kd6 37. b3 axb3 38. axb3 Rc7 39. Rg5 Ke6 40. Kd2
Rc8 41. b4 cxb4 42. Rxb5 f6 43. Rxb4 Kf5 44. Rb6 Rf8 45. Ke3 Rc8 46. c4 Re8+
47. Kf3 Rd8 48. Rb5+ 1-0

[Event "Team men HL chess 2017"]
[Site "Sochi"]
[Date "2017.05.04"]
[Round "4.5"]
[White "Chernobay, Artem"]
[Black "Pavlov, Maxim"]
[Result "1-0"]
[WhiteElo "2496"]
[BlackElo "2486"]
[PlyCount "51"]
[EventDate "2017.05.01"]

1. e4 c5 2. Nf3 d6 3. d4 cxd4 4. Qxd4 a6 5. c4 Nc6 6. Qe3 g6 7. Be2 Bg7 8. O-O
Bg4 9. Nc3 Nf6 10. Rd1 Nd7 11. Rb1 O-O 12. b3 Qa5 13. Bb2 Qc5 14. Qf4 Bxf3 15.
Bxf3 Be5 16. Qd2 Rfd8 17. Be2 Bd4 18. Kh1 Bxf2 19. Nd5 a5 20. a3 e6 21. b4 Qa7
22. Qh6 Bd4 23. Ne7+ Kh8 24. Nxc6 Bxb2 25. Nxa7 Bg7 26. Qe3 1-0

[Event "Team men HL chess 2017"]
[Site "Sochi"]
[Date "2017.05.04"]
[Round "4.5"]
[White "Alexeev, Alexey"]
[Black "Sarana, Alexey"]
[Result "0-1"]
[WhiteElo "2301"]
[BlackElo "2472"]
[PlyCount "110"]
[EventDate "2017.05.01"]

1. e4 c5 2. Nf3 d6 3. Bb5+ Nd7 4. d4 cxd4 5. Qxd4 a6 6. Bxd7+ Bxd7 7. c4 Nf6 8.
Bg5 e6 9. Nc3 Be7 10. O-O Bc6 11. Qd3 O-O 12. Nd4 Qa5 13. Nxc6 bxc6 14. Qd2 Qc5
15. b3 Rfd8 16. Rad1 h6 17. Be3 Qh5 18. Bb6 Rd7 19. f4 Rb8 20. Bd4 e5 21. Bf2
Ng4 22. Bg3 exf4 23. Bxf4 Bf6 24. Na4 c5 25. Qe2 Bd4+ 26. Rxd4 cxd4 27. c5 Qg6
28. cxd6 Rb5 29. Rc1 d3 30. Qxd3 Ne5 31. Rc8+ Kh7 32. Bxe5 Rxe5 33. Nc5 Rxd6
34. Nd7 Rxd7 35. Qxd7 Rxe4 36. Qd2 Qb6+ 37. Kf1 Qb5+ 38. Rc4 Rxc4 39. bxc4
Qxc4+ 40. Kf2 Qh4+ 41. Kf3 Qf6+ 42. Ke4 Kg6 43. g4 Qf1 44. Qd6+ Kh7 45. a3 Qe2+
46. Kd5 Qf3+ 47. Ke5 Qe3+ 48. Kd5 Qd3+ 49. Kc6 Qxd6+ 50. Kxd6 Kg6 51. Kc6 h5
52. Kb6 hxg4 53. Kxa6 f5 54. Kb5 f4 55. Kc4 g3 0-1

[Event "Team men HL chess 2017"]
[Site "Sochi"]
[Date "2017.05.04"]
[Round "4.5"]
[White "Ofitserian, Boris"]
[Black "Vasilevich, Tatjana"]
[Result "1-0"]
[WhiteElo "2391"]
[BlackElo "2372"]
[PlyCount "101"]
[EventDate "2017.05.01"]

1. d4 d5 2. c4 e6 3. Nf3 Nf6 4. g3 dxc4 5. Bg2 c5 6. O-O Nc6 7. Qa4 Bd7 8. Qxc4
b5 9. Qd3 Qb6 10. dxc5 Bxc5 11. Nc3 Nb4 12. Qd1 Bc6 13. a3 Nbd5 14. Nxd5 Bxd5
15. Ne5 Rd8 16. Bxd5 Rxd5 17. Nd3 O-O 18. Qb3 Bd4 19. e3 Bc5 20. Bd2 Rfd8 21.
Nxc5 Rxd2 22. Rac1 h5 23. h4 a5 24. Rc2 R2d6 25. Rcc1 a4 26. Qb4 Rc6 27. Ne4
Nd5 28. Rxc6 Qxc6 29. Qd4 Rc8 30. Rd1 Rc7 31. Ng5 Rd7 32. Qe4 g6 33. Kh2 Rc7
34. Qf3 Kg7 35. e4 Nf6 36. Kg2 Ng4 37. Rd2 Ne5 38. Qf4 Nc4 39. Rd8 e5 40. Qf3
f6 41. Nh3 Nxb2 42. g4 hxg4 43. Qxg4 f5 44. Qg5 Qxe4+ 45. Kh2 Qg4 46. Rg8+ Kxg8
47. Qd8+ Kg7 48. Qxc7+ Kh6 49. Qxe5 Kh7 50. Ng5+ Kg8 51. Qe8+ 1-0

[Event "Team men HL chess 2017"]
[Site "Sochi"]
[Date "2017.05.04"]
[Round "4.5"]
[White "Linker, Mikhail"]
[Black "Bykov, Oleg"]
[Result "0-1"]
[WhiteElo "2239"]
[BlackElo "2314"]
[PlyCount "66"]
[EventDate "2017.05.01"]

1. d4 Nf6 2. Nf3 g6 3. c4 Bg7 4. Nc3 O-O 5. g3 d6 6. Bg2 Nc6 7. O-O a6 8. Qd3
Bd7 9. b3 Rb8 10. a4 Re8 11. Bb2 e5 12. dxe5 dxe5 13. Rad1 Bf5 14. Qe3 Qe7 15.
h3 Nb4 16. g4 Bd7 17. Rd2 e4 18. Nd4 c5 19. Nc2 Bc6 20. Rfd1 Nxc2 21. Rxc2 Rbd8
22. Rcd2 Rxd2 23. Rxd2 Rd8 24. Rxd8+ Qxd8 25. g5 Nh5 26. Bxe4 Bxe4 27. Qxe4
Qxg5+ 28. Qg4 Qd2 29. Qc8+ Bf8 30. Ba3 Qe1+ 31. Kg2 Nf4+ 32. Kf3 Qxc3+ 33. Kxf4
Qxb3 0-1

[Event "Team men HL chess 2017"]
[Site "Sochi"]
[Date "2017.05.04"]
[Round "4.6"]
[White "Bublei, Pavel"]
[Black "Taysayev, Timur"]
[Result "1-0"]
[WhiteElo "2399"]
[BlackElo "2245"]
[PlyCount "71"]
[EventDate "2017.05.01"]

1. d4 Nf6 2. c4 c5 3. d5 b5 4. Nf3 g6 5. cxb5 a6 6. b6 Bb7 7. Nc3 d6 8. e4 Nbd7
9. a4 Qxb6 10. a5 Qc7 11. Be2 Bg7 12. O-O O-O 13. h3 Rfe8 14. Bf4 Rad8 15. Re1
Nf8 16. Bc4 e6 17. Qb3 exd5 18. exd5 Rxe1+ 19. Rxe1 Ne8 20. Bg5 f6 21. Bd2 Nd7
22. Ne4 h6 23. Qd3 Ra8 24. Ng3 Nf8 25. h4 h5 26. Bc3 Qf7 27. Ne2 Bh6 28. Bd2
Bxd2 29. Nxd2 Nc7 30. Ne4 Qe7 31. Nxc5 Bc8 32. Qc3 Kg7 33. Nd4 Qf7 34. Nc6 Nxd5
35. Bxd5 Qxd5 36. Re7+ 1-0

[Event "Team men HL chess 2017"]
[Site "Sochi"]
[Date "2017.05.04"]
[Round "4.6"]
[White "Nazaretyan, Tigran"]
[Black "Antonenko, Vladimir"]
[Result "1/2-1/2"]
[WhiteElo "2356"]
[BlackElo "2311"]
[PlyCount "95"]
[EventDate "2017.05.01"]

1. d4 Nf6 2. c4 e6 3. Nc3 d5 4. Nf3 dxc4 5. e3 a6 6. a4 b6 7. Bxc4 Bb7 8. O-O
Bb4 9. Qe2 O-O 10. Rd1 Qe7 11. Bd3 c5 12. dxc5 Bxc5 13. h3 Nc6 14. e4 Nb4 15.
e5 Nxd3 16. Qxd3 Nd5 17. Nxd5 Bxd5 18. Ng5 g6 19. Ne4 Bxe4 20. Qxe4 Rfd8 21.
Bh6 Rxd1+ 22. Rxd1 Rd8 23. Rxd8+ Qxd8 24. g3 Bf8 25. Bxf8 Kxf8 26. Kg2 Kg7 27.
h4 h5 28. b3 Qc7 29. Qe2 Qc3 30. Qxa6 Qxb3 31. Qb5 Qc2 32. Qb4 Qc6+ 33. Kg1
Qc1+ 34. Kh2 Qc2 35. Qf4 Qc5 36. Qf6+ Kg8 37. Qd8+ Kg7 38. Qf6+ Kg8 39. Qf4 b5
40. axb5 Qxb5 41. Qe3 Qd5 42. Qe2 Qd4 43. Kg2 Qd5+ 44. Kg1 Kg7 45. Qe3 Qd1+ 46.
Kh2 Qd5 47. Qf4 Kg8 48. Qe3 1/2-1/2

[Event "Team men HL chess 2017"]
[Site "Sochi"]
[Date "2017.05.04"]
[Round "4.6"]
[White "Gubsky, Egor"]
[Black "Tenikashvili, Georgij"]
[Result "1-0"]
[WhiteElo "2284"]
[BlackElo "2305"]
[PlyCount "135"]
[EventDate "2017.05.01"]

1. d4 d5 2. c4 dxc4 3. Nf3 Nf6 4. e3 e6 5. Bxc4 c5 6. O-O a6 7. Qe2 b5 8. Bd3
Bb7 9. dxc5 Bxf3 10. Qxf3 Nbd7 11. Rd1 Bxc5 12. Nc3 O-O 13. Qe2 Qb6 14. a4 Ne5
15. Bc2 b4 16. Ne4 Nxe4 17. Bxe4 Rad8 18. a5 Rxd1+ 19. Qxd1 Qd8 20. Qe2 Qd6 21.
b3 f5 22. Bc2 Rd8 23. Bb2 Ng4 24. g3 Qd2 25. Re1 Qxe2 26. Rxe2 Rd5 27. e4 fxe4
28. Bxe4 Rd1+ 29. Kg2 Nxf2 30. Bb7 Nd3 31. Be5 Nc1 32. Rc2 Nxb3 33. Bxa6 Rd2+
34. Rxd2 Nxd2 35. Bd3 Nb3 36. a6 Nd4 37. Be4 g6 38. Bb8 Nb5 39. Kf3 Kf7 40. Ke2
Ke7 41. Kd3 b3 42. Be5 Ba7 43. Bc6 Nd6 44. Ba4 Nc8 45. Bxb3 Nb6 46. Bd4 Kd6 47.
Ke4 h6 48. Bc2 g5 49. g4 Nc8 50. Bg7 Nb6 51. Bxh6 Nd7 52. Bxg5 Nc5+ 53. Kf4
Nxa6 54. Bf6 Nb4 55. Be5+ Ke7 56. Be4 Bg1 57. Kg5 Na6 58. h4 Nc5 59. Bf6+ Kf8
60. Bc6 Kf7 61. Ba1 Nd3 62. Kh6 Bf2 63. g5 Be3 64. Kh7 Nf4 65. h5 Nxh5 66. g6+
Kf8 67. Bf3 e5 68. Bxh5 1-0

[Event "Team men HL chess 2017"]
[Site "Sochi"]
[Date "2017.05.04"]
[Round "4.6"]
[White "Abrekov, Mussa"]
[Black "Kuzmin, Artem"]
[Result "1-0"]
[WhiteElo "2219"]
[BlackElo "2040"]
[PlyCount "71"]
[EventDate "2017.05.01"]

1. d4 Nf6 2. c4 c5 3. d5 e6 4. Nc3 exd5 5. cxd5 d6 6. e4 g6 7. Bd3 Bg7 8. h3
O-O 9. Nf3 Re8 10. O-O a6 11. a4 Qc7 12. Bf4 Nbd7 13. Re1 Rb8 14. Rc1 Nh5 15.
Bh2 Bh6 16. Rc2 c4 17. Ne2 b5 18. axb5 axb5 19. b3 Nc5 20. bxc4 b4 21. Nfd4 Bd7
22. Nb5 Bxb5 23. cxb5 Bg7 24. Qb1 Qb6 25. Rc4 Ra8 26. Bxd6 Nxd3 27. Qxd3 Qxd6
28. Rc6 Qe5 29. b6 Qxe4 30. Qxe4 Rxe4 31. d6 b3 32. b7 Rb8 33. d7 Nf4 34. Rc8+
Bf8 35. Rxb8 Nxe2+ 36. Rxe2 1-0

[Event "Team men HL chess 2017"]
[Site "Sochi"]
[Date "2017.05.04"]
[Round "4.7"]
[White "Pakhomov, Alexey"]
[Black "Domogaev, Sergey"]
[Result "1/2-1/2"]
[WhiteElo "2343"]
[BlackElo "2431"]
[PlyCount "93"]
[EventDate "2017.05.01"]

1. c4 Nf6 2. Nf3 g6 3. Nc3 Bg7 4. d4 O-O 5. e4 d6 6. Be2 e5 7. O-O Nc6 8. Be3
Ng4 9. Bg5 f6 10. Bc1 Nh6 11. dxe5 Nxe5 12. Nxe5 fxe5 13. Be3 Re8 14. c5 dxc5
15. Qxd8 Rxd8 16. Bc4+ Kh8 17. Bxc5 b6 18. Be7 Rd7 19. Rad1 c6 20. Rxd7 Bxd7
21. Rd1 Be8 22. Be6 Ng8 23. Rd8 Rxd8 24. Bxd8 Nf6 25. Bc7 Bd7 26. Bb3 Ne8 27.
Bb8 b5 28. Bxa7 Nc7 29. Ne2 Na6 30. a4 Bf8 31. axb5 cxb5 32. Nc1 Nc5 33. Bb8
Nxe4 34. Bxe5+ Bg7 35. Bxg7+ Kxg7 36. Bc2 Nc5 37. f3 Kf6 38. Kf2 h6 39. Ke3 g5
40. Nd3 Ne6 41. Bb3 Ng7 42. Bd5 Nf5+ 43. Kd2 h5 44. Be4 Nd6 45. b3 Be8 46. Ke3
Bf7 47. Nc5 1/2-1/2

[Event "Team men HL chess 2017"]
[Site "Sochi"]
[Date "2017.05.04"]
[Round "4.7"]
[White "Skurikhin, Dmitrij"]
[Black "Meshkov, Yuri A"]
[Result "1/2-1/2"]
[WhiteElo "2345"]
[BlackElo "2345"]
[PlyCount "79"]
[EventDate "2017.05.01"]

1. d4 Nf6 2. c4 e6 3. g3 Bb4+ 4. Bd2 a5 5. Bg2 Nc6 6. Nf3 O-O 7. O-O Bxd2 8.
Nbxd2 d6 9. e4 e5 10. d5 Ne7 11. Ne1 Nd7 12. Nd3 b6 13. f4 f6 14. Rf2 Nc5 15.
Qe2 Bg4 16. Qe3 Nxd3 17. Qxd3 a4 18. a3 Ra5 19. Nb1 Bd7 20. Nc3 Qe8 21. Rc1 Rc5
22. Bf1 b5 23. cxb5 Bxb5 24. Qd1 Bd7 25. fxe5 fxe5 26. Rcc2 Rxf2 27. Rxf2 Nc8
28. Be2 Nb6 29. Bh5 g6 30. Bg4 h5 31. Bxd7 Qxd7 32. Qd2 Qg4 33. Nxa4 Nxa4 34.
Qh6 Qd1+ 35. Kg2 Rc2 36. Qxg6+ Kh8 37. Qh6+ Kg8 38. Qg6+ Kh8 39. Qh6+ Kg8 40.
Qg6+ 1/2-1/2

[Event "Team men HL chess 2017"]
[Site "Sochi"]
[Date "2017.05.04"]
[Round "4.7"]
[White "Babarykin, Stanislav"]
[Black "Pogosian, Georgy"]
[Result "1-0"]
[WhiteElo "2354"]
[BlackElo "2204"]
[PlyCount "83"]
[EventDate "2017.05.01"]

1. e4 e6 2. d4 d5 3. Nc3 Nf6 4. e5 Nfd7 5. f4 c5 6. Nf3 Nc6 7. Be3 Qb6 8. Na4
Qa5+ 9. c3 cxd4 10. b4 Nxb4 11. cxb4 Bxb4+ 12. Bd2 Bxd2+ 13. Nxd2 O-O 14. Bd3
b5 15. Nb2 Nb6 16. O-O Nc4 17. Bxh7+ Kxh7 18. Qh5+ Kg8 19. Nf3 g6 20. Qh6 Qc7
21. Nd3 f6 22. Qxg6+ Qg7 23. Qxg7+ Kxg7 24. exf6+ Rxf6 25. Nxd4 Bd7 26. Nc5 Rd8
27. Rae1 Kf7 28. g4 Bc8 29. g5 Rg6 30. h4 Rh8 31. f5 exf5 32. Nxf5 Rb6 33. Ne7+
Kg7 34. Rf4 Nd2 35. Kg2 Ne4 36. Ref1 Nd6 37. g6 Kh6 38. Rf8 Rxf8 39. Rxf8 Kg7
40. Rg8+ Kh6 41. Rh8+ Kg7 42. Rh7+ 1-0

[Event "Team men HL chess 2017"]
[Site "Sochi"]
[Date "2017.05.04"]
[Round "4.7"]
[White "Zaika, Daniil"]
[Black "Suslov, Evgeniy"]
[Result "1/2-1/2"]
[WhiteElo "2149"]
[BlackElo "2252"]
[PlyCount "132"]
[EventDate "2017.05.01"]

1. d4 Nf6 2. c4 g6 3. Nc3 Bg7 4. e4 O-O 5. Be2 d6 6. Nf3 e5 7. d5 a5 8. O-O Na6
9. Bg5 h6 10. Be3 Ng4 11. Bc1 f5 12. g3 fxe4 13. Nh4 Nf6 14. Nxg6 Rf7 15. Be3
Bh3 16. Re1 Qd7 17. Qb1 Bg4 18. Bf1 Bf3 19. a3 Bf8 20. Nh4 Qg4 21. Nxf3 exf3
22. b4 axb4 23. axb4 Re8 24. h3 Qh5 25. b5 Nc5 26. Bxc5 dxc5 27. Ne4 b6 28. Ra7
Bd6 29. Nxf6+ Rxf6 30. Re4 Kh8 31. Kh2 Qg5 32. Qc2 Rff8 33. h4 Qf6 34. Bh3 Qg6
35. Qd3 Rf6 36. Ra3 Rg8 37. Be6 Rgf8 38. Re3 Qxd3 39. Raxd3 Ra8 40. Ra3 Rff8
41. Rxa8 Rxa8 42. Rxf3 Rf8 43. Rxf8+ Bxf8 44. Kh3 Kg7 45. Kg4 Kf6 46. f3 Kg6
47. Bf5+ Kf6 48. Be4 Be7 49. Kh5 Bf8 50. g4 Bg7 51. g5+ hxg5 52. hxg5+ Kf7 53.
Bf5 Bf8 54. Be6+ Kg7 55. Kg4 Be7 56. Kf5 Bd6 57. Bd7 Be7 58. Be8 Bd6 59. Ke6
Kf8 60. Bf7 Be7 61. g6 Bd6 62. Kf6 Be7+ 63. Kxe5 Kg7 64. f4 Bh4 65. d6 cxd6+
66. Kxd6 Be1 1/2-1/2

[Event "Team men HL chess 2017"]
[Site "Sochi"]
[Date "2017.05.04"]
[Round "4.8"]
[White "Ponomarenko, Alexandr"]
[Black "Gusarov, Grigory"]
[Result "0-1"]
[WhiteElo "2240"]
[BlackElo "2320"]
[PlyCount "78"]
[EventDate "2017.05.01"]

1. e4 e5 2. Nf3 Nc6 3. Bb5 Nge7 4. O-O g6 5. c3 a6 6. Bc4 Bg7 7. d4 exd4 8.
cxd4 b5 9. Bb3 d6 10. h3 O-O 11. a3 Na5 12. Bc2 c5 13. Nc3 cxd4 14. Nxd4 Bb7
15. Bg5 h6 16. Bf4 d5 17. Be3 Nc4 18. Rb1 Rc8 19. Nde2 Nxe3 20. fxe3 dxe4 21.
Bxe4 Bxe4 22. Nxe4 Qb6 23. Rf3 Nf5 24. Qb3 Rce8 25. Qd3 Re7 26. N2g3 Nxe3 27.
Kh1 Nc4 28. Qc2 Rfe8 29. Rbf1 f5 30. Nc3 Ne3 31. Qb3+ Qe6 32. Qxe6+ Rxe6 33.
R1f2 Nc4 34. Nf1 Re1 35. Rd3 Nxb2 36. Rxb2 Rxf1+ 37. Kh2 Rc1 38. Rb3 Be5+ 39.
g3 Bxc3 0-1

[Event "Team men HL chess 2017"]
[Site "Sochi"]
[Date "2017.05.04"]
[Round "4.8"]
[White "Ozgibcev, Anatoly"]
[Black "Kayukov, Kirill"]
[Result "1-0"]
[WhiteElo "2379"]
[BlackElo "2155"]
[PlyCount "77"]
[EventDate "2017.05.01"]

1. Nf3 d5 2. g3 Nf6 3. Bg2 Bf5 4. O-O e6 5. d3 Be7 6. Nbd2 O-O 7. b3 h6 8. Bb2
c5 9. c4 Nc6 10. Ne5 Nxe5 11. Bxe5 Nd7 12. Bb2 Bf6 13. Qc2 Bxb2 14. Qxb2 dxc4
15. Nxc4 Rb8 16. Rfd1 b5 17. Ne3 Bg6 18. a4 b4 19. Rac1 Qe7 20. Nc4 e5 21. Rd2
f6 22. e3 Bf7 23. Na5 Qe6 24. Nc6 Rb6 25. Bd5 Qh3 26. Bg2 Qe6 27. d4 cxd4 28.
a5 dxe3 29. Rxd7 exf2+ 30. Qxf2 Qxd7 31. axb6 axb6 32. Qxb6 Qd2 33. Qc5 Bxb3
34. Ne7+ Kf7 35. Qc7 Rd8 36. Nd5+ Kg6 37. Be4+ f5 38. Rc6+ Kh5 39. Bf3+ 1-0

[Event "Team men HL chess 2017"]
[Site "Sochi"]
[Date "2017.05.04"]
[Round "4.8"]
[White "Tereshechkina, Maya"]
[Black "Savchuk, Vladimir"]
[Result "1/2-1/2"]
[WhiteElo "2056"]
[BlackElo "2077"]
[PlyCount "131"]
[EventDate "2017.05.01"]

1. e4 c5 2. Nf3 Nc6 3. Bb5 g6 4. O-O Bg7 5. c3 Nf6 6. e5 Nd5 7. d4 cxd4 8. cxd4
O-O 9. Nc3 Nc7 10. a4 a6 11. Bxc6 dxc6 12. h3 Nd5 13. Qb3 h6 14. Bd2 Rb8 15.
Nxd5 cxd5 16. Rfc1 Be6 17. Qa3 Qd7 18. Bb4 Rfe8 19. Rc3 Bf8 20. Nd2 b6 21. a5
Qb5 22. axb6 Qxb6 23. Rb3 Qxd4 24. Bc3 Rxb3 25. Nxb3 Qb6 26. Nc5 Ra8 27. Bd4
Bc8 28. Qe3 Qc6 29. e6 f6 30. b4 Kh7 31. Bxf6 Bxe6 32. Nxe6 exf6 33. Rc1 Qa4
34. Nxf8+ Rxf8 35. Qe7+ Kg8 36. Rc7 Qa1+ 37. Kh2 Qe5+ 38. f4 Qxe7 39. Rxe7 Rd8
40. Kg3 d4 41. Kf2 d3 42. Ke1 d2+ 43. Kd1 Rd6 44. Re2 Rd4 45. Rxd2 Rxb4 46. Rd6
Rxf4 47. Rxa6 Rf2 48. Ke1 Rxg2 49. Rxf6 Kg7 50. Rf3 g5 51. Kf1 Ra2 52. Rg3 Kf6
53. h4 Kf5 54. hxg5 hxg5 55. Rb3 g4 56. Kg1 Kg5 57. Rg3 Kh4 58. Rg2 Ra3 59. Rb2
Kh3 60. Rh2+ Kg3 61. Rg2+ Kf4 62. Rf2+ Rf3 63. Kg2 Ke3 64. Rb2 Ke4 65. Re2+ Kf4
66. Rf2 1/2-1/2

[Event "Team men HL chess 2017"]
[Site "Sochi"]
[Date "2017.05.04"]
[Round "4.8"]
[White "Bezdenezhnyh, Pavel"]
[Black "Dulenko, Maxim"]
[Result "1/2-1/2"]
[WhiteElo "2188"]
[BlackElo "2144"]
[PlyCount "80"]
[EventDate "2017.05.01"]

1. e4 c5 2. Nf3 d6 3. d4 cxd4 4. Qxd4 Nc6 5. Bb5 a6 6. Bxc6+ bxc6 7. Nc3 e5 8.
Qc4 Qc7 9. Ng5 Rb8 10. O-O h6 11. Nf3 Qb7 12. b3 Nf6 13. Rd1 Be6 14. Qd3 Be7
15. a4 O-O 16. Ba3 Rbd8 17. Qe3 Ng4 18. Qe2 f5 19. h3 Nf6 20. Nh4 Nxe4 21. Nxe4
fxe4 22. Ng6 Rf6 23. Nxe7+ Qxe7 24. Qxe4 c5 25. Rd2 Qc7 26. Qe3 Rd7 27. Rad1
Rf4 28. c4 Rd4 29. Bb2 Rxd2 30. Rxd2 Rf7 31. Qd3 Rd7 32. Qg6 Bf7 33. Qe4 Qb7
34. Qxb7 Rxb7 35. Rxd6 Rxb3 36. Rd8+ Kh7 37. Bxe5 Rb7 38. Rc8 Bxc4 39. Rxc5 Bb3
40. Ra5 Rb6 1/2-1/2